[Event "Sharjah Blitz op 27th"]
[Site "Sharjah"]
[Date "2022.04.08"]
[Round "8"]
[White "Murad, Abdulla"]
[Black "Alsabbagh, Ahmed"]
[Result "1-0"]
[WhiteElo "1872"]
[BlackElo "1080"]
[PlyCount "93"]
[EventDate "2022.04.08"]
[EventType "swiss (blitz)"]
[EventRounds "9"]
[EventCountry "UAE"]
[SourceTitle "CBM 207 Extra"]
[Source "ChessBase"]
[SourceDate "2022.05.31"]
[SourceVersion "1"]
[SourceVersionDate "2022.05.31"]
[SourceQuality "1"]

1. d4 d5 2. c4 e6 3. cxd5 exd5 4. Nc3 Nf6 5. Bg5 Bb4 6. e3 0-0 7. Bd3 b6 8. Bxf6 Qxf6 9. Qh5 h6 10. Qxd5 Bxc3+ 11. bxc3 Qc6 12. Qxc6 Nxc6 13. Be4 Bb7 14. Nf3 Rab8 15. Bd3 Rfe8 16. 0-0 Rbd8 17. Rfd1 Ne7 18. c4 c5 19. d5 Ng6 20. a4 Ne5 21. Nxe5 Rxe5 22. a5 f6 23. axb6 axb6 24. Rab1 Rd6 25. Rb2 Bxd5 26. cxd5 Rexd5 27. Bc4 Kf8 28. Rxd5 Rc6 29. Rd8+ Ke7 30. Rbd2 Rc7 31. Bb5 c4 32. R2d7+ Rxd7 33. Rxd7+ Ke6 34. Rc7 g5 35. Bxc4+ Kd6 36. Rh7 Kc5 37. Be6 b5 38. Rxh6 b4 39. Rxf6 Kb5 40. Rf5+ Ka4 41. Rxg5 b3 42. Bxb3+ Kxb3 43. Rc5 Kb4 44. Rc8 Kb5 45. Kf1 Kb6 46. Ke2 Kb7 47. Rc1 1-0

[Event "Sharjah Blitz op 27th"]
[Site "Sharjah"]
[Date "2022.04.08"]
[Round "9"]
[White "Murad, Abdulla"]
[Black "Rowe, Duane"]
[Result "0-1"]
[WhiteElo "1872"]
[BlackElo "2030"]
[PlyCount "62"]
[EventDate "2022.04.08"]
[EventType "swiss (blitz)"]
[EventRounds "9"]
[EventCountry "UAE"]
[SourceTitle "CBM 207 Extra"]
[Source "ChessBase"]
[SourceDate "2022.05.31"]
[SourceVersion "1"]
[SourceVersionDate "2022.05.31"]
[SourceQuality "1"]

1. d4 Nf6 2. Nf3 g6 3. e3 Bg7 4. Bd3 d6 5. c3 Nbd7 6. Nbd2 e5 7. 0-0 0-0 8. Qc2 Qe7 9. a4 Re8 10. dxe5 dxe5 11. e4 Nc5 12. Be2 Nh5 13. b4 Ne6 14. Re1 Nef4 15. Nc4 Nxe2+ 16. Qxe2 Nf4 17. Bxf4 exf4 18. Nd4 c5 19. Nb5 cxb4 20. Rab1 bxc3 21. Nbd6 Rd8 22. e5 Rb8 23. Qc2 Be6 24. Qe4 Bxc4 25. Qxc4 Bxe5 26. Nxf7 Qxf7 27. Qxf7+ Kxf7 28. Rxe5 c2 29. Rc1 Rd1+ 30. Re1 Rxe1+ 31. Rxe1 Rd8 0-1

[Event "Sharjah Rapid op 27th"]
[Site "Sharjah"]
[Date "2022.04.06"]
[Round "2"]
[White "Rashid Husain, Alhammadi"]
[Black "Murad, Abdulla"]
[Result "1-0"]
[WhiteElo "1184"]
[BlackElo "1872"]
[PlyCount "95"]
[EventDate "2022.04.06"]
[EventType "swiss (rapid)"]
[EventRounds "9"]
[EventCountry "UAE"]
[SourceTitle "CBM 207 Extra"]
[Source "ChessBase"]
[SourceDate "2022.05.31"]
[SourceVersion "1"]
[SourceVersionDate "2022.05.31"]
[SourceQuality "1"]

1. e4 c6 2. d4 d5 3. exd5 cxd5 4. Nf3 Nc6 5. Nc3 Nf6 6. Bf4 Bg4 7. Bb5 e6 8. h3 Bxf3 9. Qxf3 Bd6 10. 0-0 a6 11. Bxc6+ bxc6 12. Rfe1 0-0 13. Bg5 Be7 14. Qg3 Qb6 15. Bh6 Ne8 16. Ne2 Kh8 17. Bg5 Bf6 18. Bxf6 Nxf6 19. b3 c5 20. dxc5 Qxc5 21. Qc3 Qb6 22. Nf4 Rac8 23. Qb2 Ne4 24. c4 Nf6 25. cxd5 exd5 26. Rac1 Qd6 27. Rxc8 Rxc8 28. Qd4 h6 29. Nd3 Kg8 30. Nf4 Qc5 31. Qd3 Ne4 32. Rf1 Rd8 33. b4 Qc6 34. Re1 Qb6 35. Re3 Qd6 36. Nxd5 Nxf2 37. Kxf2 g6 38. Re4 Kh7 39. Rd4 Qe6 40. Qe3 Qf5+ 41. Nf4 Qc2+ 42. Kg3 Rc8 43. Rd7 Qf5 44. Nd5 Kg7 45. Qd4+ Kh7 46. Nf6+ Kg7 47. Nh5+ Kf8 48. Qh8# 1-0

[Event "Sharjah Blitz op"]
[Site "Sharjah"]
[Date "2021.05.01"]
[Round "8.16"]
[White "Murad, Abdulla"]
[Black "Alhomsi, Mouhammad Ammar"]
[Result "1-0"]
[WhiteElo "1872"]
[BlackElo "1288"]
[PlyCount "77"]
[EventDate "2021.05.01"]
[EventType "swiss (blitz)"]
[EventRounds "9"]
[EventCountry "UAE"]
[SourceTitle "CBM 202 Extra"]
[Source "ChessBase"]
[SourceDate "2021.07.31"]
[SourceVersion "1"]
[SourceVersionDate "2021.07.31"]
[SourceQuality "1"]

1. d4 Nf6 2. c4 g6 3. Nc3 Bg7 4. e4 d6 5. Bd3 0-0 6. Nge2 e5 7. d5 Nbd7 8. Bc2 a5 9. a3 Ne8 10. 0-0 f5 11. exf5 gxf5 12. f4 Nc5 13. Rb1 Nd7 14. b4 e4 15. Be3 Ndf6 16. c5 b6 17. cxb6 cxb6 18. Nd4 Ng4 19. Bf2 e3 20. Bg3 Qc7 21. Nce2 axb4 22. axb4 Ra2 23. Bb3 Ra3 24. h3 Ngf6 25. Qc1 Qe7 26. Qxc8 Nc7 27. Qb7 Ne4 28. Ne6 Rf7 29. Qc8+ Ne8 30. Bh4 Bf6 31. Bxf6 Rxf6 32. Rfc1 Nd2 33. Ra1 Rxa1 34. Rxa1 Nxb3 35. Ra8 Kf7 36. Ng5+ Kf8 37. Nxh7+ Qxh7 38. Qxe8+ Kg7 39. Ra7+ 1-0

[Event "Sharjah Blitz op"]
[Site "Sharjah"]
[Date "2021.05.01"]
[Round "4.19"]
[White "Murad, Abdulla"]
[Black "Jawaher, Khalil"]
[Result "1-0"]
[WhiteElo "1872"]
[BlackElo "1111"]
[PlyCount "107"]
[EventDate "2021.05.01"]
[EventType "swiss (blitz)"]
[EventRounds "9"]
[EventCountry "UAE"]
[SourceTitle "CBM 202 Extra"]
[Source "ChessBase"]
[SourceDate "2021.07.31"]
[SourceVersion "1"]
[SourceVersionDate "2021.07.31"]
[SourceQuality "1"]

1. d4 d5 2. c4 e6 3. Nc3 Nf6 4. cxd5 exd5 5. Bg5 Nbd7 6. e3 c6 7. Qc2 Be7 8. Bd3 h6 9. Bf4 Nh5 10. Bg3 Nxg3 11. hxg3 Nf6 12. Nf3 Be6 13. 0-0 Qc7 14. Rab1 0-0-0 15. b4 b5 16. Rfc1 Kb8 17. Nxb5 Qb6 18. Qxc6 Qxc6 19. Rxc6 Bd7 20. Rcc1 a6 21. Nc3 Ka7 22. Ne2 Rb8 23. Rc7+ Rb7 24. Rbc1 Rd8 25. a3 Ne8 26. Rxb7+ Kxb7 27. Ne5 f6 28. Nxd7 Rxd7 29. Nf4 g5 30. Ne6 Rd6 31. Nc5+ Kb6 32. a4 a5 33. bxa5+ Kxa5 34. Nb7+ Kb6 35. Nxd6 Bxd6 36. Bb5 Nc7 37. Rc6+ Kb7 38. Rxd6 Nxb5 39. axb5 Kc7 40. Rxf6 Kb7 41. Kf1 Kc7 42. Ke2 h5 43. Kd2 Kb7 44. Kc3 Ka7 45. Kb4 Kb7 46. Kc5 Kc7 47. Rf7+ Kc8 48. Kb6 Kd8 49. Kc6 Ke8 50. Ra7 Kf8 51. Kd6 Kg8 52. Ke6 Kf8 53. b6 Ke8 54. Ra8# 1-0

[Event "Dubai HOC blitz op"]
[Site "Dubai"]
[Date "2019.08.11"]
[Round "5"]
[White "Bajarani, Ilgar"]
[Black "Murad, Abdulla"]
[Result "1-0"]
[WhiteElo "2182"]
[BlackElo "1605"]
[PlyCount "119"]
[EventDate "2019.08.11"]
[EventType "swiss (blitz)"]
[EventRounds "9"]
[EventCountry "UAE"]
[SourceTitle "EXT 2020"]
[Source "ChessBase"]
[SourceDate "2019.10.17"]
[SourceVersion "1"]
[SourceVersionDate "2019.10.17"]
[SourceQuality "1"]

1. d4 d5 2. c4 c6 3. Nf3 Nf6 4. Nc3 a6 5. a4 Bf5 6. a5 h6 7. Qb3 Ra7 8. Bf4 e6 9. e3 Bd6 10. c5 Bxf4 11. exf4 0-0 12. Ne5 Nbd7 13. Be2 Ne4 14. Nxe4 Bxe4 15. 0-0 f6 16. Nf3 Qc7 17. g3 e5 18. Nd2 Bf5 19. fxe5 fxe5 20. Qc3 exd4 21. Qxd4 Ne5 22. f4 Nd7 23. b4 Raa8 24. Rae1 Rae8 25. Bh5 Rxe1 26. Rxe1 Nf6 27. Bf3 Bg4 28. Bg2 Qd7 29. Nf3 Bxf3 30. Bxf3 Re8 31. Re5 Rxe5 32. fxe5 Qf5 33. exf6 Qxf3 34. fxg7 Qf5 35. h4 Qb1+ 36. Kh2 Qc2+ 37. Kh3 Qf5+ 38. Kg2 Qc2+ 39. Kf3 Qf5+ 40. Ke3 Qe6+ 41. Kd2 Qg6 42. Qf4 Qxg7 43. Kd3 Qg6+ 44. Kd4 Qg7+ 45. Kd3 Qg6+ 46. Kd2 Kg7 47. g4 Qe6 48. Qc7+ Kg6 49. Qxb7 d4 50. h5+ Kg5 51. Qg7+ Kh4 52. Qxd4 Qa2+ 53. Ke3 Qb3+ 54. Ke4 Qc2+ 55. Ke5 Qe2+ 56. Kd6 Qf3 57. Kc7 Kg5 58. Kb6 Qf1 59. Kxc6 Qb5+ 60. Kc7 1-0

[Event "Dubai HOC blitz op"]
[Site "Dubai"]
[Date "2019.08.11"]
[Round "3"]
[White "Sultan, Ibrahim"]
[Black "Murad, Abdulla"]
[Result "1-0"]
[WhiteElo "2144"]
[BlackElo "1605"]
[PlyCount "37"]
[EventDate "2019.08.11"]
[EventType "swiss (blitz)"]
[EventRounds "9"]
[EventCountry "UAE"]
[SourceTitle "EXT 2020"]
[Source "ChessBase"]
[SourceDate "2019.10.17"]
[SourceVersion "1"]
[SourceVersionDate "2019.10.17"]
[SourceQuality "1"]

1. d4 d5 2. c4 c6 3. cxd5 cxd5 4. Nc3 Nc6 5. Bf4 a6 6. e3 Bf5 7. Qb3 Ra7 8. Qxd5 e6 9. Qxd8+ Kxd8 10. Nf3 Nb4 11. Rc1 Bd3 12. Ne5 Bxf1 13. Rxf1 f6 14. Nf7+ Ke7 15. Nxh8 Nd3+ 16. Kd2 Nxc1 17. Rxc1 g5 18. Bg3 Bg7 19. Nd5+ 1-0

[Event "Dubai The Arbor blitz op"]
[Site "Dubai"]
[Date "2019.04.12"]
[Round "6"]
[White "Laxman, Rajaram"]
[Black "Murad, Abdulla"]
[Result "1-0"]
[WhiteElo "2445"]
[BlackElo "1703"]
[PlyCount "71"]
[EventDate "2019.04.12"]
[EventType "swiss (blitz)"]
[EventRounds "9"]
[EventCountry "UAE"]
[SourceTitle "CBM 189 Extra"]
[Source "ChessBase"]
[SourceDate "2019.06.03"]
[SourceVersion "1"]
[SourceVersionDate "2019.06.03"]
[SourceQuality "1"]

1. d4 d5 2. Nf3 c6 3. c4 e6 4. e3 f5 5. Bd3 Nf6 6. Nc3 Bd6 7. Qc2 0-0 8. cxd5 cxd5 9. Nb5 Bb4+ 10. Bd2 Nc6 11. Bxb4 Nxb4 12. Qc3 Nxd3+ 13. Qxd3 Qa5+ 14. Nc3 Bd7 15. Ne5 Bc6 16. 0-0 Rac8 17. Rfc1 Ne4 18. f3 Nd6 19. a3 Qd8 20. b3 a6 21. a4 Rf6 22. Ne2 Qe8 23. Qd2 Nf7 24. Nxf7 Rxf7 25. Nf4 g5 26. Nd3 g4 27. Ne5 Rg7 28. fxg4 fxg4 29. g3 Rg5 30. Rf1 Rxe5 31. dxe5 Qg6 32. Qd4 Bd7 33. Rf6 Qh5 34. Qf4 Rc2 35. Rf8+ Kg7 36. Qf6# 1-0

[Event "Dubai The Arbor blitz op"]
[Site "Dubai"]
[Date "2019.04.12"]
[Round "2"]
[White "Pabalan, Rocky"]
[Black "Murad, Abdulla"]
[Result "1-0"]
[WhiteElo "2131"]
[BlackElo "1703"]
[PlyCount "116"]
[EventDate "2019.04.12"]
[EventType "swiss (blitz)"]
[EventRounds "9"]
[EventCountry "UAE"]
[SourceTitle "CBM 189 Extra"]
[Source "ChessBase"]
[SourceDate "2019.06.03"]
[SourceVersion "1"]
[SourceVersionDate "2019.06.03"]
[SourceQuality "1"]

1. e4 c6 2. d4 d5 3. exd5 cxd5 4. c4 Nf6 5. Nc3 e6 6. Bg5 Nc6 7. Bxf6 Qxf6 8. cxd5 exd5 9. Nxd5 Qe6+ 10. Qe2 Bd6 11. Nf3 0-0 12. Qxe6 Bxe6 13. Nc3 Rfe8 14. 0-0-0 Bf5 15. Bd3 Bg4 16. Bb5 a6 17. Bxc6 bxc6 18. Rde1 Rec8 19. Ne5 Bf5 20. Ne4 Bb4 21. Re3 c5 22. d5 c4 23. Ng3 Bg6 24. Nxg6 hxg6 25. Ne4 Re8 26. Rd1 Rad8 27. Nc3 Rxe3 28. fxe3 Re8 29. d6 Bxc3 30. bxc3 Rd8 31. Rd4 Kf8 32. e4 f6 33. Kc2 Kf7 34. Rxc4 Rxd6 35. a4 Ke6 36. Rc7 Ke5 37. Rxg7 Kxe4 38. Rxg6 Re6 39. Rg3 f5 40. Rd3 Rg6 41. Rd2 Ke3 42. g3 Rc6 43. Rd4 Rh6 44. Rd3+ Ke2 45. Rd2+ Ke3 46. Rg2 Kf3 47. Rd2 Ke3 48. c4 Rc6 49. Rd3+ Ke4 50. Kc3 Rb6 51. Rd4+ Ke3 52. Rf4 Rf6 53. c5 a5 54. Kc4 Rh6 55. Rxf5 Rxh2 56. c6 Ke4 57. Rc5 Rb2 58. c7 Rc2+ 1-0

[Event "Dubai The Arbor blitz op"]
[Site "Dubai"]
[Date "2019.04.12"]
[Round "8"]
[White "Reyes, Danilo G"]
[Black "Murad, Abdulla"]
[Result "0-1"]
[WhiteElo "1551"]
[BlackElo "1703"]
[PlyCount "88"]
[EventDate "2019.04.12"]
[EventType "swiss (blitz)"]
[EventRounds "9"]
[EventCountry "UAE"]
[SourceTitle "CBM 189 Extra"]
[Source "ChessBase"]
[SourceDate "2019.06.03"]
[SourceVersion "1"]
[SourceVersionDate "2019.06.03"]
[SourceQuality "1"]

1. Nf3 d5 2. b3 c6 3. Bb2 Nf6 4. c4 Bf5 5. d4 e6 6. Nc3 Bd6 7. e3 0-0 8. Be2 Nbd7 9. 0-0 Qe7 10. Nh4 Bg6 11. Nxg6 hxg6 12. f4 c5 13. Nb5 Bb8 14. dxc5 a6 15. Nd6 Nxc5 16. cxd5 Bxd6 17. dxe6 Qxe6 18. Bc4 Qxe3+ 19. Kh1 Rad8 20. Qc2 Qe4 21. Qf2 Qf5 22. Rad1 Qh5 23. Be2 Qf5 24. Qh4 Nce4 25. Bf3 Be7 26. Rde1 Nd2 27. Rg1 Nxf3 28. gxf3 Rd2 29. Rg3 Qh5 30. Bxf6 Bxf6 31. Qxh5 gxh5 32. Reg1 Rfd8 33. f5 Rf2 34. h3 Rdd2 35. R3g2 Rxg2 36. Rxg2 Rxg2 37. Kxg2 Kf8 38. Kg3 Ke7 39. Kf4 Kd6 40. Ke4 Bg5 41. a3 a5 42. b4 a4 43. f4 Bf6 44. Kd3 Bb2 0-1

[Event "Wch U18"]
[Site "Al Ain"]
[Date "2013.12.23"]
[Round "7"]
[White "Lkhagvasuren, Tsedvee"]
[Black "Murad, Abdulla"]
[Result "1-0"]
[WhiteElo "2292"]
[BlackElo "1738"]
[PlyCount "61"]
[EventDate "2013.12.18"]
[EventType "swiss"]
[EventRounds "11"]
[EventCountry "UAE"]
[SourceTitle "CBM 158 Extra"]
[Source "ChessBase"]
[SourceDate "2014.02.28"]
[SourceVersion "1"]
[SourceVersionDate "2014.02.28"]
[SourceQuality "1"]

1. c4 e6 2. e4 d5 3. cxd5 exd5 4. e5 c6 5. d4 Ne7 6. Bd3 Nf5 7. Ne2 Be7 8. 0-0 Be6 9. Nbc3 0-0 10. f4 c5 11. Bxf5 Bxf5 12. Ng3 Bc8 13. dxc5 Bxc5+ 14. Kh1 d4 15. Nce4 b6 16. f5 Ba6 17. Re1 Re8 18. Bg5 Qc8 19. Rc1 Bb7 20. b4 Rxe5 21. bxc5 Bxe4 22. Rxe4 Rxe4 23. Nxe4 Qxf5 24. cxb6 axb6 25. Qc2 g6 26. Qc8+ Qxc8 27. Rxc8+ Kg7 28. Bf6+ Kh6 29. Bxd4 Ra4 30. Be3+ Kg7 31. Nc3 1-0

[Event "Wch U18"]
[Site "Al Ain"]
[Date "2013.12.19"]
[Round "2"]
[White "Starcevs, Dmitrijs"]
[Black "Murad, Abdulla"]
[Result "1-0"]
[WhiteElo "2178"]
[BlackElo "1738"]
[PlyCount "67"]
[EventDate "2013.12.18"]
[EventType "swiss"]
[EventRounds "11"]
[EventCountry "UAE"]
[SourceTitle "CBM 158 Extra"]
[Source "ChessBase"]
[SourceDate "2014.02.28"]
[SourceVersion "1"]
[SourceVersionDate "2014.02.28"]
[SourceQuality "1"]

1. e4 c6 2. d4 d5 3. e5 Bf5 4. Nf3 e6 5. Be2 Nd7 6. 0-0 Ne7 7. Be3 c5 8. dxc5 Nc6 9. Nd4 Nxd4 10. Bxd4 Bxc5 11. Bxc5 Nxc5 12. Bb5+ Nd7 13. c4 a6 14. Bxd7+ Qxd7 15. cxd5 Qxd5 16. Qxd5 exd5 17. Rd1 Bxb1 18. Raxb1 Rd8 19. Rbc1 Ke7 20. Rc7+ Ke6 21. f4 Rb8 22. Kf2 Rhc8 23. Rdc1 Rd8 24. Ke3 Rd7 25. f5+ Ke7 26. Rxd7+ Kxd7 27. Kd4 Rd8 28. Rc5 Ke8 29. Rc7 b5 30. e6 fxe6 31. fxe6 Rd6 32. Ke5 Rd8 33. Rxg7 d4 34. Kf6 1-0

[Event "Wch U18"]
[Site "Al Ain"]
[Date "2013.12.18"]
[Round "1"]
[White "Murad, Abdulla"]
[Black "Lewtak, Damian"]
[Result "0-1"]
[WhiteElo "1738"]
[BlackElo "2306"]
[PlyCount "66"]
[EventDate "2013.12.18"]
[EventType "swiss"]
[EventRounds "11"]
[EventCountry "UAE"]
[SourceTitle "CBM 158 Extra"]
[Source "ChessBase"]
[SourceDate "2014.02.28"]
[SourceVersion "1"]
[SourceVersionDate "2014.02.28"]
[SourceQuality "1"]

1. Nf3 c5 2. c4 Nc6 3. Nc3 g6 4. g3 Bg7 5. Bg2 d6 6. 0-0 e5 7. d3 Nge7 8. Rb1 0-0 9. a3 a5 10. Bd2 h6 11. Nd5 Nxd5 12. cxd5 Ne7 13. e4 a4 14. Ne1 Bd7 15. Nc2 b5 16. Ne3 f5 17. f4 exf4 18. gxf4 Qb6 19. Kh1 Rae8 20. Bc3 c4 21. Nc2 cxd3 22. Qxd3 fxe4 23. Bxe4 Bf5 24. Nd4 Bxd4 25. Bxd4 Qb7 26. Rg1 Kh7 27. Bxf5 Rxf5 28. Rxg6 Kxg6 29. Qg3+ Rg5 30. fxg5 Qxd5+ 31. Qg2 Qxg2+ 32. Kxg2 Nf5 33. Bc3 hxg5 0-1

[Event "UAE President Cup"]
[Site "Abu Dhabi"]
[Date "2012.07.04"]
[Round "8"]
[White "Murad, Abdulla"]
[Black "Abdulla, Abdulwahab"]
[Result "1/2-1/2"]
[WhiteElo "1756"]
[BlackElo "1789"]
[PlyCount "61"]
[EventDate "2012.06.28"]
[EventType "swiss"]
[EventRounds "9"]
[EventCountry "UAE"]
[SourceTitle "CBM 149 Extra"]
[Source "ChessBase"]
[SourceDate "2012.08.24"]
[SourceVersion "1"]
[SourceVersionDate "2012.08.24"]
[SourceQuality "1"]

1. d4 d5 2. c4 e6 3. Nc3 Nf6 4. Bg5 Be7 5. cxd5 exd5 6. e3 0-0 7. Bd3 c6 8. Qc2 Nbd7 9. Nf3 Re8 10. 0-0 Nf8 11. Rab1 Bd6 12. b4 a6 13. a4 Ng6 14. b5 axb5 15. axb5 h6 16. Bxf6 Qxf6 17. Bxg6 Qxg6 18. Qxg6 fxg6 19. bxc6 bxc6 20. Rb6 Ra6 21. Rxa6 Bxa6 22. Rb1 Rb8 23. Rxb8+ Bxb8 24. e4 Bc4 25. exd5 Bxd5 26. Nxd5 cxd5 27. Kf1 Kf7 28. Ke2 Kf6 29. Kd3 g5 30. h4 gxh4 31. Nxh4 1/2-1/2

[Event "UAE President Cup"]
[Site "Abu Dhabi"]
[Date "2012.07.01"]
[Round "5"]
[White "Sultan, Ibrahim"]
[Black "Murad, Abdulla"]
[Result "1-0"]
[WhiteElo "1838"]
[BlackElo "1756"]
[PlyCount "75"]
[EventDate "2012.06.28"]
[EventType "swiss"]
[EventRounds "9"]
[EventCountry "UAE"]
[SourceTitle "CBM 149 Extra"]
[Source "ChessBase"]
[SourceDate "2012.08.24"]
[SourceVersion "1"]
[SourceVersionDate "2012.08.24"]
[SourceQuality "1"]

1. d4 Nf6 2. c4 e6 3. Nc3 Bb4 4. f3 d5 5. a3 Bxc3+ 6. bxc3 b6 7. Bg5 Bb7 8. cxd5 exd5 9. e3 0-0 10. Bd3 Re8 11. Qd2 h6 12. Bxf6 Qxf6 13. Ne2 Qe6 14. Kf2 Nd7 15. Nf4 Qd6 16. c4 c6 17. a4 Re7 18. a5 Nf6 19. a6 Bc8 20. Rhc1 g5 21. Ne2 Bd7 22. Ng3 Rae8 23. e4 dxe4 24. Bxe4 Nxe4+ 25. Nxe4 Qe6 26. d5 Qe5 27. Qc3 Qxc3 28. Rxc3 Kf8 29. Nf6 Rd8 30. c5 bxc5 31. Nxd7+ Rdxd7 32. dxc6 Rd2+ 33. Kg3 Ree2 34. c7 Rxg2+ 35. Kh3 Rxh2+ 36. Kg4 h5+ 37. Kf5 Rd5+ 38. Ke4 1-0

[Event "UAE President Cup"]
[Site "Abu Dhabi"]
[Date "2012.06.29"]
[Round "2"]
[White "Murad, Abdulla"]
[Black "Mohamed, Marshool"]
[Result "0-1"]
[WhiteElo "1756"]
[BlackElo "1599"]
[PlyCount "33"]
[EventDate "2012.06.28"]
[EventType "swiss"]
[EventRounds "9"]
[EventCountry "UAE"]
[SourceTitle "CBM 149 Extra"]
[Source "ChessBase"]
[SourceDate "2012.08.24"]
[SourceVersion "1"]
[SourceVersionDate "2012.08.24"]
[SourceQuality "1"]

1. Nf3 d5 2. d4 c5 3. g3 e6 4. Bg2 Nc6 5. c4 b6 6. Nc3 Bb7 7. cxd5 exd5 8. dxc5 Bxc5 9. Qxd5 Qxd5 10. Nxd5 Bb4+ 11. Bd2 Bxd2+ 12. Nxd2 Rc8 13. Rc1 Nge7 14. Nc4 Rd8 15. Nc7+ Kd7 16. Nxb6+ axb6 17. 0-0 0-1

[Event "UAE-ch"]
[Site "Abu Dhabi"]
[Date "2011.07.01"]
[Round "8"]
[White "Murad, Abdulla"]
[Black "Abdulla, Ali Al Hamed"]
[Result "1/2-1/2"]
[WhiteElo "1720"]
[BlackElo "1669"]
[PlyCount "60"]
[EventDate "2011.06.25"]
[EventType "swiss"]
[EventRounds "9"]
[EventCountry "UAE"]
[SourceTitle "CBM 143 Extra"]
[Source "ChessBase"]
[SourceDate "2011.08.29"]
[SourceVersion "1"]
[SourceVersionDate "2011.08.29"]
[SourceQuality "1"]

1. d4 d5 2. c4 e6 3. Nf3 Nf6 4. Nc3 c6 5. cxd5 exd5 6. Qc2 Be7 7. Bf4 g6 8. Ne5 Bf5 9. Qd2 Ne4 10. Nxe4 Bxe4 11. f3 Bf5 12. e4 Be6 13. Be2 f6 14. Ng4 Nd7 15. Ne3 Nb6 16. 0-0 0-0 17. b4 f5 18. exf5 Bxf5 19. a4 Be6 20. Bh6 Rf7 21. a5 Nd7 22. Nd1 Bd6 23. f4 Qe7 24. b5 c5 25. a6 b6 26. Ne3 Rc8 27. Bf3 Nf6 28. Bg5 Qf8 29. Bxf6 Rxf6 30. g3 cxd4 1/2-1/2

[Event "UAE-ch"]
[Site "Abu Dhabi"]
[Date "2011.06.30"]
[Round "6"]
[White "Murad, Abdulla"]
[Black "Al Huwar, Jasem"]
[Result "0-1"]
[WhiteElo "1720"]
[BlackElo "2334"]
[PlyCount "44"]
[EventDate "2011.06.25"]
[EventType "swiss"]
[EventRounds "9"]
[EventCountry "UAE"]
[SourceTitle "CBM 143 Extra"]
[Source "ChessBase"]
[SourceDate "2011.08.29"]
[SourceVersion "1"]
[SourceVersionDate "2011.08.29"]
[SourceQuality "1"]

1. d4 d6 2. Nf3 Nd7 3. Bg5 h6 4. Bh4 c5 5. c3 Qb6 6. Qb3 Ngf6 7. Nbd2 g5 8. Bg3 Bg7 9. Qxb6 Nxb6 10. dxc5 dxc5 11. e4 0-0 12. Bd3 Be6 13. e5 Nh5 14. Be4 Rab8 15. Nb3 Rfc8 16. Rd1 Nc4 17. Bd5 Nxb2 18. Bxe6 fxe6 19. Rd7 Rd8 20. Rxd8+ Rxd8 21. Ke2 b6 22. Nbd2 Nd3 0-1

[Event "UAE-ch"]
[Site "Abu Dhabi"]
[Date "2011.06.29"]
[Round "5"]
[White "Fahed, Ahmad"]
[Black "Murad, Abdulla"]
[Result "1/2-1/2"]
[WhiteElo "2012"]
[BlackElo "1720"]
[PlyCount "62"]
[EventDate "2011.06.25"]
[EventType "swiss"]
[EventRounds "9"]
[EventCountry "UAE"]
[SourceTitle "CBM 143 Extra"]
[Source "ChessBase"]
[SourceDate "2011.08.29"]
[SourceVersion "1"]
[SourceVersionDate "2011.08.29"]
[SourceQuality "1"]

1. d4 d5 2. c4 e6 3. Nc3 Nf6 4. Nf3 Be7 5. cxd5 exd5 6. Bf4 c6 7. Qc2 0-0 8. e3 Nbd7 9. Bd3 Re8 10. 0-0 Nf8 11. h3 Ng6 12. Bh2 Bd6 13. Bxd6 Qxd6 14. Rad1 a5 15. Na4 Ne4 16. Rc1 Qf6 17. Qe2 Ng5 18. Nxg5 Qxg5 19. Bxg6 Qxg6 20. Qf3 Bf5 21. Ra1 Be4 22. Qg3 Qxg3 23. fxg3 Bg6 24. Rfd1 Re7 25. Nc3 Be4 26. Rf1 h6 27. Nxe4 Rxe4 28. Kf2 Rae8 29. a3 Kh7 30. b4 axb4 31. axb4 Ra8 1/2-1/2